Essays on some unsettled questions of political economy (Record no. 381089)

000 -LEADER
fixed length control field 00409cam a22001337a 4500
008 - FIXED-LENGTH DATA ELEMENTS--GENERAL INFORMATION
fixed length control field 180718b1992 xxu||||| |||| 00| 0 eng d
082 ## - DEWEY DECIMAL CLASSIFICATION NUMBER
Classification number T1 M61
100 ## - MAIN ENTRY--PERSONAL NAME
Personal name Mill, John Stuart
245 ## - TITLE STATEMENT
Title Essays on some unsettled questions of political economy
Statement of responsibility, etc. by John Stuart Mill
260 ## - PUBLICATION, DISTRIBUTION, ETC.
Place of publication, distribution, etc. Bristol
Name of publisher, distributor, etc. Thoemmes Press
Date of publication, distribution, etc. 1992
300 ## - PHYSICAL DESCRIPTION
Extent 164p.
440 ## - SERIES STATEMENT/ADDED ENTRY--TITLE
Title Classic studies in the history of ideas
650 ## - SUBJECT ADDED ENTRY--TOPICAL TERM
Topical term or geographic name entry element Economics
Holdings
Withdrawn status Lost status Damaged status Not for loan Permanent Location Current Location Date acquired Full call number Barcode Date last seen Price effective from Koha item type
        Indian Institute of Public Administration Indian Institute of Public Administration 1997-03-13 T1 M61 71942 2018-07-21 2018-07-21 Book

Powered by Koha